000 00668nam a2200205 a 4500
001 000009932
005 20240412074214.0
008 091002s1969 dr a r 000 p spa d
040 _aDO-SdBNP
_bspa
_cBNPHU
082 _aRD861.44
_bD542e
100 1 _aDíaz Polanco, Héctor,
_d1944-
_92421
245 1 0 _aEnemigos íntimos /
_cHéctor Díaz Polanco.
260 _aSanto Domingo :
_bDido,
_c1969.
300 _a35 p. :
_bil. ;
_c18 cm.
500 _aIncluye datos biográficos del autor en la contracubierta
590 _aInventariado, 2018/BT
650 0 _aPoesía dominicana
_966
650 0 _aLiteratura dominicana.
_967
910 _aValidado. Control de calidad. MFF
999 _c9691
_d9691